| 000 | 00675nam a2200169 i 4500 | ||
|---|---|---|---|
| 001 | 52017 | ||
| 003 | ES-MaACL | ||
| 007 | t| | ||
| 008 | 030822s1936 sp ||||1| spa d | ||
| 100 | 1 |
_aChiovenda, Giuseppe. _938538 |
|
| 245 | 1 | 0 |
_aInstituciones de derecho procesal civil _b: . Volumen I: Conceptos fundamentales ; la doctrina de las acciones / _cGiuseppe Chiovenda ; traducción de la segunda edición italiana y notas de derecho español por E. Gómez Orbaneja. |
| 250 | _a1ª ed. | ||
| 260 |
_aMadrid : _bRevista de Derecho Privado, _c1936 ( _fGalo Sèz) |
||
| 300 |
_aXXIV, 452 p. ; _c23 cm. |
||
| 700 | 1 |
_aGómez Orbaneja, Emilio. _958088 |
|
| 852 |
_aES-MaACL _jC-7051 |
||
| 999 |
_c52017 _d52017 |
||